[Event "Asian Continental op 17th"]
[Site "Makati"]
[Date "2018.12.12"]
[Round "3"]
[White "Ni, Hua"]
[Black "Lu, Shanglei"]
[Result "1/2-1/2"]
[WhiteElo "2683"]
[BlackElo "2636"]
[PlyCount "143"]
[EventDate "2018.12.10"]
[EventType "swiss"]
[EventRounds "9"]
[EventCountry "PHI"]
[SourceTitle "CBM 187 Extra"]
[Source "ChessBase"]
[SourceDate "2018.11.04"]
[SourceVersion "1"]
[SourceVersionDate "2018.11.04"]
[SourceQuality "1"]

1. d4 Nf6 2. c4 e6 3. g3 d5 4. Bg2 dxc4 5. Nf3 c5 6. 0-0 Nc6 7. dxc5 Qxd1 8. Rxd1 Bxc5 9. Nbd2 c3 10. bxc3 0-0 11. Nb3 Be7 12. Nfd4 Bd7 13. Bg5 Rfd8 14. Nxc6 Bxc6 15. Bxc6 bxc6 16. Rxd8+ Bxd8 17. Rd1 h6 18. Bxf6 Bxf6 19. Rd6 c5 20. c4 Rb8 21. Rc6 Be7 22. Rc7 Bd6 23. Rxa7 Rb4 24. Ra8+ Kh7 25. Rd8 Be5 26. Nxc5 Rxc4 27. Nb3 Ra4 28. Rd2 g5 29. Rc2 Bg7 30. Nd2 Kg6 31. Nc4 h5 32. Kg2 f5 33. h3 Bf6 34. e3 g4 35. h4 Rb4 36. Kf1 e5 37. Ke2 Kf7 38. Kd3 Ke6 39. e4 f4 40. Rb2 Rxb2 41. Nxb2 Be7 42. Ke2 f3+ 43. Kf1 Bc5 44. Nc4 Bd4 45. a4 Kd7 46. Na3 Kc6 47. a5 Bc5 48. Nc4 Bd4 49. Na3 Bc5 50. Nc4 Bd4 51. a6 Kc7 52. a7 Bxa7 53. Nxe5 Kd6 54. Nd3 Bd4 55. Ke1 Bc3+ 56. Kf1 Bd2 57. Kg1 Ke6 58. Kh2 Kd6 59. Kg1 Ke6 60. Nf4+ Bxf4 61. gxf4 Kf6 62. Kh2 Ke6 63. f5+ Kf6 64. Kh1 Ke5 65. Kg1 Kf6 66. Kh2 Ke5 67. Kg3 Kf6 68. Kf4 Ke7 69. e5 Kf7 70. Ke4 Ke7 71. Kf4 Kf7 72. Ke4 1/2-1/2

[Event "CHN-chT"]
[Site "China"]
[Date "2018.11.27"]
[Round "19.2"]
[White "Ni, Hua"]
[Black "Xu, Yinglun"]
[Result "1-0"]
[WhiteElo "2683"]
[BlackElo "2531"]
[PlyCount "59"]
[EventDate "2018.04.11"]
[EventType "team-tourn"]
[EventRounds "22"]
[EventCountry "CHN"]
[SourceTitle "CBM 187 Extra"]
[Source "ChessBase"]
[SourceDate "2018.11.04"]
[SourceVersion "1"]
[SourceVersionDate "2018.11.04"]
[SourceQuality "1"]
[WhiteTeam "Shanghai China Mobil"]
[BlackTeam "Guangdong Ding Xin"]
[WhiteTeamCountry "CHN"]
[BlackTeamCountry "CHN"]

1. d4 d5 2. c4 e6 3. Nf3 Nf6 4. g3 Bb4+ 5. Bd2 Be7 6. Bg2 0-0 7. 0-0 c6 8. Qb3 Nbd7 9. Rc1 b6 10. cxd5 cxd5 11. Na3 Ne8 12. Ne5 Nxe5 13. dxe5 Bb7 14. Nb5 Bc5 15. Bb4 a6 16. Nc3 Bxb4 17. Qxb4 a5 18. Qd4 Rb8 19. Rd1 f5 20. Rac1 Ba6 21. Rc2 Nc7 22. Rdc1 Nb5 23. Nxb5 Bxb5 24. e3 Qd7 25. h4 Rb7 26. Bf1 Bxf1 27. Kxf1 Qb5+ 28. Kg2 Rd8 29. Rc6 Kf7 30. a4 1-0

[Event "CHN-chT"]
[Site "China"]
[Date "2018.08.23"]
[Round "13.4"]
[White "Liu, Zhaoqi"]
[Black "Ni, Hua"]
[Result "0-1"]
[WhiteElo "2267"]
[BlackElo "2670"]
[PlyCount "118"]
[EventDate "2018.04.11"]
[EventType "team-tourn"]
[EventRounds "22"]
[EventCountry "CHN"]
[SourceTitle "EXT 2019"]
[Source "ChessBase"]
[SourceDate "2018.10.10"]
[SourceVersion "1"]
[SourceVersionDate "2018.10.10"]
[SourceQuality "1"]
[WhiteTeam "Hebei Sports Lottery"]
[BlackTeam "Shanghai China Mobil"]
[WhiteTeamCountry "CHN"]
[BlackTeamCountry "CHN"]

1. c4 e5 2. Nc3 Bb4 3. g3 Bxc3 4. bxc3 d6 5. Bg2 Ne7 6. e4 Nbc6 7. Ne2 h5 8. h3 h4 9. g4 g5 10. d4 Ng6 11. Be3 b6 12. Ng1 f6 13. Nf3 Qe7 14. Nd2 Na5 15. Bf1 Qf7 16. Bd3 0-0 17. 0-0 Ba6 18. Qe2 Rfe8 19. f3 c6 20. Rfe1 Kg7 21. Rad1 Rac8 22. Rc1 Rc7 23. Rc2 Rec8 24. Rec1 Nb7 25. Qf1 Nd8 26. d5 Nb7 27. Nb3 Qe8 28. Kh2 Nf8 29. Qe2 Kf7 30. Kg2 Nd7 31. Qf1 cxd5 32. cxd5 Bxd3 33. Qxd3 Ndc5 34. Bxc5 Nxc5 35. Nxc5 Rxc5 36. c4 Ra5 37. Kf2 Rcc5 38. a3 Qc8 39. Rc3 Ra4 40. R1c2 Rca5 41. Qe3 Qa6 42. f4 Rxa3 43. fxg5 Rxc3 44. Qxc3 Ra3 45. Qb4 Qa4 46. Qxa4 Rxa4 47. gxf6 Kxf6 48. Rc3 Kg5 49. Rf3 Rxc4 50. Rf7 Rc2+ 51. Kf3 Rc3+ 52. Kg2 Rg3+ 53. Kh2 a5 54. Rd7 Rb3 55. Rxd6 Rb2+ 56. Kg1 a4 57. Re6 a3 58. Rxe5+ Kg6 59. Re6+ Kf7 0-1

[Event "CHN-chT"]
[Site "China"]
[Date "2018.08.22"]
[Round "12.3"]
[White "Ni, Hua"]
[Black "Li, Chao B"]
[Result "1/2-1/2"]
[WhiteElo "2670"]
[BlackElo "2732"]
[PlyCount "62"]
[EventDate "2018.04.11"]
[EventType "team-tourn"]
[EventRounds "22"]
[EventCountry "CHN"]
[SourceTitle "EXT 2019"]
[Source "ChessBase"]
[SourceDate "2018.10.10"]
[SourceVersion "1"]
[SourceVersionDate "2018.10.10"]
[SourceQuality "1"]
[WhiteTeam "Shanghai China Mobil"]
[BlackTeam "Beijing Beiao"]
[WhiteTeamCountry "CHN"]
[BlackTeamCountry "CHN"]

1. e4 e5 2. Nf3 Nf6 3. Nxe5 d6 4. Nf3 Nxe4 5. Nc3 Nxc3 6. dxc3 Be7 7. Be3 Nc6 8. Qd2 Be6 9. 0-0-0 Bf6 10. Kb1 a6 11. h3 h6 12. g4 Qd7 13. Nd4 Bd5 14. Rg1 0-0-0 15. Nxc6 Bxc6 16. Bd4 Bxd4 17. cxd4 Bf3 18. Re1 Rde8 19. Bd3 Kb8 20. Qf4 Rxe1+ 21. Rxe1 Re8 22. Re3 Bc6 23. b3 d5 24. Kb2 Rxe3 25. Qxe3 Qe8 26. Qxe8+ Bxe8 27. h4 g5 28. hxg5 hxg5 29. Bf5 Bb5 30. Kc3 a5 31. a3 c6 1/2-1/2